000 00263nam a22001097a 4500
008 170125b xxu||||| |||| 00| 0 eng d
020 _a9780781733922
041 _aeng
080 _22ND
_a61
245 _aFAMILY PRACTICE BOARD REVIEW
_cBRATTON, R.L
942 _2udc
_cBK
999 _c3656
_d3656